Constitutional provisions related to water: integrated planning and management of a river basin - a review (Record no. 113828)

000 -LEADER
fixed length control field 00491pab a2200169 454500
008 - FIXED-LENGTH DATA ELEMENTS--GENERAL INFORMATION
fixed length control field 180718b2017 xxu||||| |||| 00| 0 eng d
100 ## - MAIN ENTRY--PERSONAL NAME
Personal name Haque, M.E.
245 ## - TITLE STATEMENT
Title Constitutional provisions related to water: integrated planning and management of a river basin - a review
260 ## - PUBLICATION, DISTRIBUTION, ETC.
Date of publication, distribution, etc. 2017
300 ## - PHYSICAL DESCRIPTION
Extent p.194-210.
362 ## - DATES OF PUBLICATION AND/OR SEQUENTIAL DESIGNATION
Dates of publication and/or sequential designation Jan
650 ## - SUBJECT ADDED ENTRY--TOPICAL TERM
Topical term or geographic name entry element Water resources management
700 ## - ADDED ENTRY--PERSONAL NAME
Personal name Tyagi, Avinash
700 ## - ADDED ENTRY--PERSONAL NAME
Personal name Varma, H.K.
773 ## - HOST ITEM ENTRY
Main entry heading Journal of Governance
909 ## -
-- 113834
Holdings
Withdrawn status Lost status Damaged status Not for loan Permanent Location Current Location Date acquired Serial Enumeration / chronology Barcode Date last seen Price effective from Koha item type
        Indian Institute of Public Administration Indian Institute of Public Administration 2018-07-19 Volume no: 14, Issue no: 7 AR114294 2018-07-19 2018-07-19 Articles

Powered by Koha